| Tag |
First Indicator |
Second Indicator |
Subfields |
| LEADER |
00000nam a2200000 i 4500 |
| 001 |
in00005609913 |
| 006 |
m o d f |
| 007 |
cr b|||||a|||| |
| 008 |
241002s2024 dcua ob f000 0 eng c |
| 005 |
20241219164131.3 |
| 024 |
8 |
|
|a 56-468
|q (GPO jacket number)
|
| 035 |
|
|
|a (OCoLC)on1458457742
|
| 040 |
|
|
|a GPO
|b eng
|e rda
|e pn
|c GPO
|d MvI
|
| 042 |
|
|
|a pcc
|
| 043 |
|
|
|a n-us---
|
| 049 |
|
|
|a WWW
|
| 074 |
|
|
|a 1019-C-01 (online)
|
| 086 |
0 |
|
|a Y 4.C 73/8:116-129
|
| 088 |
|
|
|a Serial no. 116-129 (United States. Congress. House. Committee on Energy and Commerce)
|
| 110 |
1 |
|
|a United States.
|b Congress.
|b House.
|b Committee on Energy and Commerce.
|b Subcommittee on Energy,
|0 https://id.loc.gov/authorities/names/no2017064571
|e author.
|
| 245 |
1 |
0 |
|a Generating equity :
|b improving clean energy access and affordability : virtual hearing before the Subcommittee on Energy of the Committee on Energy and Commerce, House of Representatives, One Hundred Sixteenth Congress, second session, October 1, 2020.
|
| 246 |
3 |
0 |
|a Improving clean energy access and affordability
|
| 264 |
|
1 |
|a Washington :
|b U.S. Government Publishing Office,
|c 2024.
|
| 300 |
|
|
|a 1 online resource (v, 134 pages) :
|b color illustrations
|
| 336 |
|
|
|a text
|b txt
|2 rdacontent
|
| 337 |
|
|
|a computer
|b c
|2 rdamedia
|
| 338 |
|
|
|a online resource
|b cr
|2 rdacarrier
|
| 500 |
|
|
|a Associated bill citation(s): H.R. 2.
|
| 500 |
|
|
|a "Serial no. 116-129."
|
| 504 |
|
|
|a Includes bibliographical references.
|
| 511 |
0 |
|
|a Hearing witnesses: Ariel Drehobl, Senior Research Associate, Local Policy, American Council for an Energy-Efficient Economy; Tony G. Reames, Ph.D., Assistant Professor, School for Environment and Sustainability, University of Michigan; Robert Bryce, Visiting Fellow, the Foundation For Research on Equal Opportunity; Alexandra M. Wyatt, Policy and Regulatory Manager, Grid Alternatives.
|
| 518 |
|
|
|a Date of hearing: 2020-10-01.
|
| 588 |
|
|
|a Description based on online resource, PDF version; title from title page (GovInfo, viewed Oct. 2, 2024).
|
| 500 |
|
|
|a In scope of the U.S. Government Publishing Office Cataloging and Indexing Program (C&I) and Federal Depository Library Program (FDLP).
|
| 500 |
|
|
|a GPO Cataloging Record Distribution Program (CRDP).
|
| 650 |
|
0 |
|a Clean energy
|z United States.
|
| 650 |
|
0 |
|a Energy policy
|x Social aspects
|z United States.
|
| 650 |
|
0 |
|a Renewable energy sources
|z United States.
|
| 650 |
|
0 |
|a Energy development
|x Environmental aspects
|z United States.
|
| 650 |
|
0 |
|a Power resources
|x Technological innovations
|z United States.
|
| 650 |
|
0 |
|a Rural development
|z United States.
|
| 650 |
|
0 |
|a Poor
|x Energy assistance
|z United States.
|
| 650 |
|
0 |
|a Energy tax credits
|z United States.
|
| 650 |
|
7 |
|a Energy.
|2 cgpa
|
| 650 |
|
7 |
|a Commerce.
|2 cgpa
|
| 655 |
|
7 |
|a Legislative hearings.
|2 lcgft
|0 https://id.loc.gov/authorities/genreForms/gf2013025047
|
| 776 |
0 |
8 |
|i Print version:
|a United States. Congress. House. Committee on Energy and Commerce. Subcommittee on Energy.
|t Generating equity
|w (OCoLC)1458447167
|
| 856 |
4 |
0 |
|u https://purl.fdlp.gov/GPO/gpo233287
|t 0
|
| 999 |
f |
f |
|i 22e51082-0daf-4bcd-8f5a-3885c4ec1922
|s f64dfc37-a033-4b29-994f-aedbdacd6d19
|t 0
|
| 952 |
f |
f |
|a Texas A&M University
|b College Station
|c Electronic Resources
|d Available Online
|t 0
|e Y 4.C 73/8:116-129
|h Superintendent of Documents classification
|
| 998 |
f |
f |
|a Y 4.C 73/8:116-129
|t 0
|l Available Online
|